Lord of the Rings, Hobbit, and Silmarillion Quiz - Statistics

General Stats
  • This quiz has been taken 763 times
  • The average score is 12 of 15
Answer Stats
Question Answer % Correct
Who was the dragon with the treasure that was mentioned heavily in the Hobbit? Smaug
99%
Who is Boromir's brother? Faramir
98%
Who is the supreme being in the Silmarillion? Eru Ilúvatar
94%
What was the name given to the seeing-stones in the Lord of the Rings? Palantír
94%
What did Thorin Oakenshield want the most? The Arkenstone
93%
Who was the king of Gondor Aragorn
90%
What was "the hidden realm"? Gondolin
89%
Which family is bent on buying Bilbo's house? Sackville-Baggins
89%
What is the name for a corrupted elf? Orc
83%
Who was the spider in the Silmarillion? Ungoliant
78%
Who made the Silmarils? Fëanor
75%
What were the two trees of Yavanna? Telperion and Laurelin
73%
What was the Sindarin name of "Mount Doom"? Orodruin
58%
Who betrayed Gondolin? Maeglin
57%
Who was the king of Gondolin? Turgon
45%
No matching quizzes found
Score Distribution
Percent of People with Each Score
Percentile by Number Answered
Your Score History
You have not taken this quiz